Návrh opatrení na zlepšenie výrobného procesu na vybraných kontrolných a testovacích pracoviskách v podniku Robert Bosch Production Slovakia, s.r.o.

Saved in:
Bibliographic Details
Main Author: Peťo, Adam (Author)
Other Authors: Jurík, Lukáš (Thesis advisor)
Format: Manuscript Book
Language:Slovak
Published: 2025
Subjects:
Online Access:http://is.stuba.sk/zp/portal_zp.pl?podrobnosti=176871
Tags: Add Tag
No Tags, Be the first to tag this record!

MARC

LEADER 00000ntm a22000003a 4500
001 stuzp103974
003 SK-STU
005 20250628211033.6
007 ta
008 150427s2015----xo-----f-mn---000-0-slo-d
040 |a STU  |b slo 
041 0 |a slo 
100 1 |a Peťo, Adam  |u 064000  |4 aut  |U MTF Materiálovotechnologická fakulta  |T MTF Ústav priemyselného inžinierstva a manažmentu  |X 121931  |U M4000  |Y 84  |7 121931 
242 0 1 |a The proposal of measures to improve the production process at selected Inspection and Testing Workstations in Robert Bosch Production Slovakia, s.r.o.  |y eng 
245 1 0 |a Návrh opatrení na zlepšenie výrobného procesu na vybraných kontrolných a testovacích pracoviskách v podniku Robert Bosch Production Slovakia, s.r.o. 
260 |c 2025 
650 4 |a zlepšenie výrobného procesu  |2 slo 
650 4 |a plytvanie  |2 slo 
650 4 |a optimalizácia postupov  |2 slo 
650 4 |a improving the production process  |2 eng 
650 4 |a waste  |2 eng 
650 4 |a optimizing of procedures  |2 eng 
700 1 |a Jurík, Lukáš  |u 064000  |k Z1  |4 ths  |U MTF Materiálovotechnologická fakulta  |T MTF Ústav priemyselného inžinierstva a manažmentu  |X 57263  |U M4000  |Y 84  |7 A000057263 
856 4 |u http://is.stuba.sk/zp/portal_zp.pl?podrobnosti=176871 
996 |c M* BP-10002  |l MMSKP  |s P  |a 0  |w stuzp103974_0001